000 00502nam a2200181Ia 4500
008 100917s9999 xx 000 0 und d
082 _b27388
100 _aबोरकर लक्ष्मीदास
245 _aसुगंधा
260 _bफॉरवर्ड पब्लिकेशन
300 _a151
365 _b10
520 _aकादंबरी
630 _aसुगंधा
650 _aकादंबरी
730 _aसुगंधा
942 _cBOOK
999 _c632782
_d632779